000 00588nam a2200229Ia 4500
003 OSt
005 20251209183947.0
008 210423s2008 xx 000 0 und d
020 _a9780194422574
040 _cAL
041 _aEnglish
082 _a418
_bELLS
100 _aRod Ellis
_994709
245 _aStudy of second language acquisition
250 _a2
260 _bOxford University Press
_c2008
300 _axxvii,1142p.
_bPB
_c21x15.5cm.
365 _b1265
_cINR
650 _aLanguage
_994710
906 _aacquisition ; language ; second ; Study
942 _2ddc
_cBK
999 _c161267
_d161267